ბათუმის შოთა რუსთაველის სახელმწიფო უნივერსიტეტის ბიბლიოთეკა

სისტემების განვითარების ძირითადი კანონები და პრობლემატიკა (ბიბ.ჩანაწერი № 52351)

000 -LEADER
fixed length control field 01585nam a2200253Ia 4500
001 - CONTROL NUMBER
control field 19369
003 - CONTROL NUMBER IDENTIFIER
control field GE_BSU
008 - FIXED-LENGTH DATA ELEMENTS--GENERAL INFORMATION
fixed length control field 181216s||||||||xx |||||||||||||| ||und||
020 ## - INTERNATIONAL STANDARD BOOK NUMBER
International Standard Book Number 9992846496
040 ## - CATALOGING SOURCE
Transcribing agency GE_BSU
080 ## - UNIVERSAL DECIMAL CLASSIFICATION NUMBER
Universal Decimal Classification number 001.89/70
100 ## - MAIN ENTRY--PERSONAL NAME
Personal name კოსტავა არჩილ,
245 ## - TITLE STATEMENT
Title სისტემების განვითარების ძირითადი კანონები და პრობლემატიკა
245 ## - TITLE STATEMENT
Statement of responsibility, etc. [რედაქტ. ლეილა, კვიკვინია].
260 ## - PUBLICATION, DISTRIBUTION, ETC.
Place of publication, distribution, etc. ქუთაისი
260 ## - PUBLICATION, DISTRIBUTION, ETC.
Name of publisher, distributor, etc. საგამომცემლო ცენტრი ქუთაისი
260 ## - PUBLICATION, DISTRIBUTION, ETC.
Date of publication, distribution, etc. 2002
300 ## - PHYSICAL DESCRIPTION
Extent 304 გვ. 21სმ, ნახ.
653 ## - INDEX TERM--UNCONTROLLED
Uncontrolled term მეცნიერება და ცოდნა.
653 ## - INDEX TERM--UNCONTROLLED
Uncontrolled term სისტემების განვითარების ძირითადი კანონები და პრობლემატიკა
653 ## - INDEX TERM--UNCONTROLLED
Uncontrolled term სისტემების ძირითადი კანონები.
653 ## - INDEX TERM--UNCONTROLLED
Uncontrolled term წიგნი განკუთვნილია შემოქმედებითი პროცესებით დაინტერესებული საზოგადოებისათვის.ის სასარგებლო იქნება სხვადასხვა დარგის მეცნიერების,სპეციალისტებისა და სტუდენტებისათვის.
942 ## - ADDED ENTRY ELEMENTS (KOHA)
Koha item type წიგნი
ეგზემპლარები
Withdrawn status Lost status Damaged status Not for loan Date acquired Barcode Date last seen Price effective from Koha item type
        2018-12-17 48220 2018-12-17 2018-12-17 წიგნი